Quizzes
Events
Quiz Creation
Community
Videos
Private Events
Remove Ads
Sign In
Join for FREE
Feedback
Dark Mode
Quiz Categories
Sports
Geography
Music
Movies
Television
Just For Fun
Miscellaneous
History
Literature
Language
Science
Gaming
Entertainment
Religion
Holiday
For Kids
Quiz Lab
Recent
Popular Today
Quiz Kudos Today
Editor Picks
Curator Picks
Quizzes by...
Day
Popularity
Type
Ratings
Length
Year
Community
Subscriptions
Recent Discussions
Orange Saloon
Badges
Playlists
Quests
Create
Leaderboards
Showdown
Live 5
Trivia Bingo
Activity
Puzzle Library
Sporcle Events
Private Events
Virtual Trivia
Globe League
Become a Host
Pub Owners
SporcleCon
Opinionation
Our Games
Videos
Blog
Mobile Apps
Partnerships
Remove Ads and Go Orange
Feedback
Religion
Mythology
Religious Music
World Religions
Bible
Christianity
Catholicism
Judaism
Church
Scripture
Islam
Verse
Religion
Mythology
Religious Music
World Religions
Bible
Christianity
Catholicism
Judaism
Church
Scripture
Islam
Verse
Random Quiz
Search Sporcle
×
Curator Pick
Curator Pick
Religion
Bible
Type in answers that appear in a list
Type in answers that appear in a list
Classic
Best Score? Go Orange.
Longest and Shortest Psalms of the Bible Stats
Can you name the longest and shortest psalms of the Bible?
By
lene9287
4m
20 Questions
267 Plays
267 Plays
267 Plays
Comments
Comments
Give Quiz Kudos
Give Quiz Kudos
-
- Ratings
hide this ad
More Info
Replay
Link that replays current quiz
Next Quiz
Link to next quiz in quiz playlist
You Got
0%
They Got
Avg Score
64%
Avg Friend Score
Upgrade to see
Score Distribution
Jump to the score distribution portion of the page
Score
0/20
Timer
04:00
0
Plays Today
Psalm
% Correct
Psalm 119
91%
Psalm 117
80.9%
Psalm 100
67.8%
Psalm 15
67.4%
Psalm 78
66.7%
Psalm 133
66.3%
Psalm 134
65.9%
Psalm 18
65.2%
Psalm 89
64%
Psalm 131
63.3%
Psalm
% Correct
Psalm 125
63.3%
Psalm 105
63.3%
Psalm 127
62.2%
Psalm 93
60.7%
Psalm 107
60.7%
Psalm 106
59.6%
Psalm 68
58.8%
Psalm 69
58.4%
Psalm 37
57.7%
Psalm 43
55.1%
Quiz Playlist
Details
Report
Send in Message
Add To Playlist
More Info:
The number to the right signifies the number of verses, not the total number of lines in the psalm.
Classic:
Type in answers that appear in a list
Quiz Source
Last Updated: Feb 16, 2017
Curator Pick in
Bible
Quiz Scoreboard
CHALLENGE
Sign Up to Join the Scoreboard
Show All
Scores
Hide
Comments
May contain spoilers
Recently Published
9x9 Crossword: Cartoon Network
by jackfrog10
Miscellaneous
3m
College Basketball Coaching Resumes
by pancakes188
Sports
9m
Billboard Blitz: Fleetwood Mac
by CooCooCachoo
Music
15s
More to Explore
Quiz From the Vault
Featured Blog Post
Where Did the Easter Bunny Come From?
hide this ad
You Might Also Like...
Tags
Bible Quiz
longest
shortest
Today's Top Quizzes in Religion
Browse Religion
hide this ad
Today's Top Quizzes in Bible
Browse Bible
Top Contributed Quizzes in Religion
1
5-to-1: Children of Gods
2
5-to-1: European Churches
3
One Thing in Common: Mythology
4
10 to 1: Islam
5
One Thing in Common: Mythology II
6
Mythological Creature Bunker
7
Prime Time: Religion
8
One Thing in Common: Religion
9
Murdered Mythical Monsters
10
Order Up: Seven Last Words of Christ
Explore More
Trending Topics
NBA
Marvel
Disney
Kpop
Harry Potter
Crossword
Anime
Country
The Office
Soccer
Song
Pokémon
NFL
Puzzle
WWE
hide this ad
More By:
lene9287
Quiz
Plays
Rating
Category
Featured
Created
Newman's Speech from the Seinfeld Finale
343
3.00
Television
Dec 30, 2010
Longest and Shortest Psalms of the Bible
267
5.00
Religion
Nov 6, 2010
Metallica Songs by Solo
164
3.25
Music
Mar 23, 2011
Pandora.com Similar Artists
77
4.50
Music
Feb 26, 2011
Peter Griffin's Letter to Life Cereal
60
3.00
Television
Mar 11, 2013
Go to Creator's Profile
Score Distribution
Quiz Creator Spotlight
lene9287
Follow
Send a Message
Quizzes Created
-
Created Quiz Play Count
-
More By This Creator
Popular Quizzes Today
1
Find the US States - No Outlines Minefield
2
Find the Countries of Europe - No Outlines Minefield
3
The Countries of the World
4
Find the US States
5
Risky Map Clicking: Biggest States A-Z
6
US States
7
Popular People in 1961
8
Movies - When Are They Set?
More Religion Quizzes
Greek Mythology Venn Diagram
Published
Trending Quizzes
Risky Map Clicking: Least Populous States A-Z
1-10 Letter G Words
1-10 Letter F Words
Risky Map Clicking: Next State Alphabetically
Adjectives in 80s TV Shows
Recently Updated
Leaping Animals
pecheneg
Reality TV Shows (A-Z)
bhenderson79
Rickey Henderson's Hall of Fame Teammates
pecheneg
Champions League XIs: Arsenal
pecheneg
Quick Pick: Celebrities in WWE's Hall of Fame
aduchscher
A-Z Keypad Blitz II
pecheneg
Multiple Oscar Actors
pecheneg
Mystery Phrase Blitz: Oscar 'Best Actors'
pecheneg
F. Scott Fitzgerald Novels
LTH
Pick 3 Villains
ddd62291
Trending Topics
Harry Potter
Kpop
Disney
Crossword
Anime
NBA
Marvel
Pokémon
WWE
Song
Country
NFL
Puzzle
The Office
Soccer
Your Account Isn't Verified!
In order to create a playlist on Sporcle, you need to verify the email address you used during registration. Go to your
Sporcle Settings
to finish the process.
Report this User
Report this user for behavior that violates our
Community Guidelines
.
Details:
Send Report
Go to the Sporcle.com Mobile Site →
Comments